000 00361nam a2200145Ia 4500
008 200103s9999||||xx |||||||||||||| ||und||
020 _a9788192079035
040 _aIMU-MPC
082 _aColumn-61
100 _aKumar, Sudhir
245 0 _aMaritime History of India, 1900-1950
260 _bSt. Xavier's College, Mumbai
_c2013
300 _a192
942 _cBK
999 _c11043
_d11043